Rondel (?) v Demandiciach

Bibliographic Details
Main Authors: Kuzma, Ivan, 1955-2013 (Author), Tirpák, Ján, 1950- (Author)
Format: Article
Language:Slovak
PhysicalDescription:Fotogr., mp., obr., tab.
ISBN:808870944X
Subjects:

MARC

LEADER 00000nab a2200000 a 4500
001 vtls000770982
003 SK-MaSNL
005 20260305033557.0
008 250429c2000 xo 0 slo
015 |a SNBRA2001/10-29959 
035 |a CLN000122769 
035 |a urn:nbn:sk:snk-abmi9 
035 |a (urnnbn)urn:nbn:sk:snk:ar-a03ym7 
035 |a (uuid)523c8961-d7d8-465c-b16a-f4b5da400b63 
040 |a SNKBUCL  |b slo  |c SNKBUCL  |e AACR2 
041 0 |a slo 
044 |a xo  |c SK 
080 |a 903.3/.4(437.6)"637":902  |2 1997 
080 |a 904(437.6):902  |2 1997 
080 |a 902.2(437.6)  |2 1997 
100 1 |a Kuzma, Ivan,  |d 1955-2013  |4 aut  |9 8267 
245 1 0 |a Rondel (?) v Demandiciach  |c Ivan Kuzma - Ján Tirpák 
300 |b Fotogr., mp., obr., tab. 
504 |a Res. nem. 
504 |a Bibliogr. odkazy 
650 0 7 |a rondely (architektúra)  |2 snkbucl  |9 31723 
650 0 7 |a vrcholný stredovek  |2 snkbucl  |9 82070 
650 0 7 |a doba bronzová  |2 snkbucl  |9 79087 
651 7 |a Levice (Slovensko : okres)  |2 snkbucl  |9 15245 
651 7 |a Demandice (Slovensko)  |2 snkbucl  |9 82329 
655 7 |a články zo zborníkov  |2 snkbucl  |9 166140 
700 1 |a Tirpák, Ján,  |d 1950-  |4 aut  |9 39653 
773 0 |t Archeologické výskumy a nálezy na Slovensku v roku 1998  |d Nitra : Archeologický ústav Slovenskej akadémie vied, 2000  |g S. 124-125  |z 808870944X 
850 |a Slovenská národná knižnica 
852 |a Slovenská národná knižnica 
954 |a odborná, vedecká literatúra pôvodná (slovenská)  |2 lita 
958 |a article27 
958 |a SK 
958 |a NB 
958 |a OND 
958 |a EUIPO 
999 |c 3324901  |d 3326831